00505nam a2200145Ia 4500008004100000100001900041245007000060245001900130260005900149650001800208650001500226856002600241999001900267952007300286170221s9999 xx 000 0 und d aMortuza Ahmmed aImpact of Mass Media in Creating Political Concern in Bangladesh  cMortuza Ahmmed bOnline Journal of Communication and Media Technologies xCommunication xMedia Arts uhttp://www.ojcmt.net/ c312872d312872 001040aCLbCLd2017-02-21l0r2017-02-21 00:00:00w2017-02-21yFOJ